| 000 -LEADER |
| fixed length control field |
01115nam a2200253Ia 4500 |
| 001 - CONTROL NUMBER |
| control field |
18166 |
| 003 - CONTROL NUMBER IDENTIFIER |
| control field |
GE_BSU |
| 008 - FIXED-LENGTH DATA ELEMENTS--GENERAL INFORMATION |
| fixed length control field |
181216s||||||||xx |||||||||||||| ||und|| |
| 040 ## - CATALOGING SOURCE |
| Transcribing agency |
GE_BSU |
| 080 ## - UNIVERSAL DECIMAL CLASSIFICATION NUMBER |
| Universal Decimal Classification number |
811.133.1(063) |
| 245 ## - TITLE STATEMENT |
| Title |
ფრანკოფონია როგორც კულტურათა დიალოგი |
| 245 ## - TITLE STATEMENT |
| Remainder of title |
სამეცნიერო კონფერენციის მასალები |
| 245 ## - TITLE STATEMENT |
| Statement of responsibility, etc. |
რედ. ე. ჟორჟოლიანი |
| 250 ## - EDITION STATEMENT |
| Edition statement |
აკაკი წერეთლის სახელობის სახ. უნ-ტი |
| 260 ## - PUBLICATION, DISTRIBUTION, ETC. |
| Place of publication, distribution, etc. |
ქუთაისი |
| 260 ## - PUBLICATION, DISTRIBUTION, ETC. |
| Name of publisher, distributor, etc. |
აკაკი წერეთლის სახ. უნ-ტი |
| 260 ## - PUBLICATION, DISTRIBUTION, ETC. |
| Date of publication, distribution, etc. |
2008 |
| 300 ## - PHYSICAL DESCRIPTION |
| Extent |
171გვ.21სმ. |
| 520 ## - SUMMARY, ETC. |
| Summary, etc. |
პარალ. სათ. ფრანგ. ენ. |
| 653 ## - INDEX TERM--UNCONTROLLED |
| Uncontrolled term |
სამეცნიერო კონფერენციის მასალები |
| 653 ## - INDEX TERM--UNCONTROLLED |
| Uncontrolled term |
ფრანკოფონია როგორც კულტურათა დიალოგი |
| 942 ## - ADDED ENTRY ELEMENTS (KOHA) |
| Koha item type |
წიგნი |